Pi Digits #17 1501-1600 - Statistics

General Stats
  • This quiz has been taken 318 times
  • The average score is 13 of 20
Answer Stats
Digits % Correct
32116
100%
53449
85%
75596
70%
87202
70%
02364
65%
34797
65%
49911
65%
75356
65%
80665
65%
98818
65%
07426
60%
41757
60%
51818
60%
54252
60%
63698
60%
78625
60%
38000
55%
46728
55%
77279
55%
90977
55%
No matching quizzes found
Score Distribution
Percent of People with Each Score
Percentile by Number Answered
Your Score History
You have not taken this quiz